书目信息 |
| 题名: |
丹青夜读
|
|
| 作者: | 朱琦 著 | |
| 分册: | ||
| 出版信息: | 北京 三联书店 2021.05 |
|
| 页数: | 205页 | |
| 开本: | 23cm | |
| 丛书名: | ||
| 单 册: | ||
| 中图分类: | J-53 | |
| 科图分类: | ||
| 主题词: | 美术--mei shu--文集 | |
| 电子资源: | ||
| ISBN: | 978-7-108-07101-9 | |
| 000 | 00793nam0 2200241 450 | |
| 001 | 202021045005 | |
| 005 | 20211025120153.0 | |
| 010 | @a978-7-108-07101-9@dCNY98.00 | |
| 100 | @a20211006d2021 em y0chiy50 ea | |
| 101 | 0 | @achi |
| 102 | @aCN@b110000 | |
| 105 | @aa z 000yy | |
| 106 | @ar | |
| 200 | 1 | @a丹青夜读@Adan qing ye du@f朱琦著 |
| 210 | @a北京@c三联书店@d2021.05 | |
| 215 | @a205页@c图 (部分彩图)@d23cm | |
| 314 | @a朱琦, 中国美术学院文学博士, 长期从事中外文化交流工作。 | |
| 330 | @a本书结集了作者多年对现代画坛大家及名家的评论, 也有对亚太地区名家画作的点评及随感。文章涉及画家文人的一些往事, 读来真切、感人、有趣。 | |
| 606 | 0 | @a美术@Amei shu@j文集 |
| 690 | @aJ-53@v5 | |
| 701 | 0 | @a朱琦@Azhu qi@4著 |
| 801 | 0 | @aCN@c20210909 |
| 905 | @a河南城建学院图书馆@dJ-53@eZ863 | |
| 丹青夜读/朱琦著.-北京:三联书店,2021.05 |
| 205页:图 (部分彩图);23cm |
| ISBN 978-7-108-07101-9:CNY98.00 |
| 本书结集了作者多年对现代画坛大家及名家的评论, 也有对亚太地区名家画作的点评及随感。文章涉及画家文人的一些往事, 读来真切、感人、有趣。 |
| ● |
| 相关链接 |
|
|
|
正题名:丹青夜读
索取号:J-53/Z863
 
预约/预借
| 序号 | 登录号 | 条形码 | 馆藏地/架位号 | 状态 | 备注 |
| 1 | 1544722 | 215447229 | 社科库309/309社科库 61排1列5层/ [索取号:J-53/Z863] | 在馆 |